000 00240 a2200097 4500
001 58649
100 _a
245 _aDynamics of south asian security ; internal and external
260 _aKarachi
_bFazlee sons
_c1998
090 _c35973
_d35973
942 _aNUST-CAE
_c
_c28861
999 _c293722
_d293722